logo

Bir Sreshtho Munshi Abdur Rouf Library
Jhenaidah Cadet College

ভূগোল দ্বিতীয় পত্র : একাদশ-দ্বাদশ শ্রেণি / (Record no. 5242)

MARC details
000 -LEADER
fixed length control field 00806nam a2200217 a 4500
001 - CONTROL NUMBER
JCCL Control Number 5242
003 - CONTROL NUMBER IDENTIFIER
JCCL marc code BD-JhCC
005 - DATE AND TIME OF LATEST TRANSACTION
control field 20180312103852.0
008 - FIXED-LENGTH DATA ELEMENTS--GENERAL INFORMATION
fixed length control field 171128s2014 bg a|||| ||a| 000 0 ben d
035 ## - SYSTEM CONTROL NUMBER
system control number (BD-JhCC)5242
040 ## - CATALOGING SOURCE
Original cataloging agency BD-JhCC
Modifying agency BD-JhCC
041 ## - LANGUAGE CODE
Language code of Book ben
082 ## - DEWEY DECIMAL CLASSIFICATION NUMBER
Classification number 910
Author mark and Year CHO 1999
100 ## - MAIN ENTRY--PERSONAL NAME
Personal name চৌধুরী, মোয়াজ্জেম হোসেন
245 ## - TITLE STATEMENT
Title ভূগোল দ্বিতীয় পত্র : একাদশ-দ্বাদশ শ্রেণি /
Statement of responsibility, etc মোয়াজ্জেম হোসেন চৌধুরী
260 ## - PUBLICATION, DISTRIBUTION, ETC. (IMPRINT)
Place of publication, distribution, etc ঢাকা:
Name of publisher, distributor, etc বাংলাদেশ বুক করপোরেশন লিঃ,
Date of publication, distribution, etc 2014.
300 ## - PHYSICAL DESCRIPTION
Pagination 272p. :
Other physical details illu ;
Dimensions 24 cm.
650 ## - SUBJECT ADDED ENTRY--TOPICAL TERM
Topical term or geographic name as entry element Geography
General subdivision Study and Teaching
942 ## - ADDED ENTRY ELEMENTS (KOHA)
Source of classification or shelving scheme Dewey Decimal Classification
Koha item type Books
Holdings
Source of classification or shelving scheme Damaged status Not for loan Home library Current library Shelving location Date of accession Cost, normal purchase price Total Checkouts Full call number Barcode Date last seen Copy number Koha item type Date checked out Checked out
Dewey Decimal Classification     JCC Rouf Library JCC Rouf Library General Stacks 12/11/2017 115.00   910 CHO 2014 7346 12/11/2017 C-1 Books    
Dewey Decimal Classification     JCC Rouf Library JCC Rouf Library General Stacks 12/11/2017 115.00 1 910 CHO 2014 7347 11/20/2024 C-2 Books 11/11/2024  
Dewey Decimal Classification     JCC Rouf Library JCC Rouf Library General Stacks 12/11/2017 115.00   910 CHO 2014 7348 12/11/2017 C-3 Books    
Dewey Decimal Classification     JCC Rouf Library JCC Rouf Library General Stacks 12/11/2017 115.00   910 CHO 2014 7349 12/11/2017 C-4 Books    
Dewey Decimal Classification     JCC Rouf Library JCC Rouf Library General Stacks 12/17/2017 115.00   910 CHO 2014 7591 12/17/2017 C-5 Books    
Dewey Decimal Classification     JCC Rouf Library JCC Rouf Library General Stacks 03/12/2018 115.00   910 CHO 2014 12430 03/12/2018 C-6 Books    
Dewey Decimal Classification     JCC Rouf Library JCC Rouf Library General Stacks 03/12/2018 105.00 1 910 CHO 2014 12429 02/25/2024 C-7 Books 02/04/2024  
Dewey Decimal Classification     JCC Rouf Library JCC Rouf Library General Stacks 03/12/2018 105.00 1 910 CHO 2014 12428 04/26/2025 C-8 Books 04/13/2025  
Dewey Decimal Classification     JCC Rouf Library JCC Rouf Library General Stacks 03/12/2018 135.00   910 CHO 1999 12425 03/12/2018 C-9 Books    
Dewey Decimal Classification     JCC Rouf Library JCC Rouf Library General Stacks 09/09/2019 170.00   910 CHO 2019 15625 09/09/2019 C-10 Books    
Dewey Decimal Classification     JCC Rouf Library JCC Rouf Library General Stacks 09/16/2019 171.00 1 910 CHO 2019 15641 11/03/2025 C-11 Books 11/03/2025 11/27/2025
Dewey Decimal Classification     JCC Rouf Library JCC Rouf Library General Stacks 09/16/2019 171.00 1 910 CHO 2019 15642 09/04/2025 C-12 Books 07/24/2025  
Dewey Decimal Classification     JCC Rouf Library JCC Rouf Library General Stacks 09/16/2019 171.00 2 910 CHO 2019 15643 10/06/2025 C-13 Books 10/06/2025 11/11/2025

JCC Library | Contacts | JCC Home

Last Update on 23 September 2017
Copyright @ 2017-2020 JCC Rouf Library
Rouf Library, Jhenidah Cadet College (JCC), Bangladesh